| 000 | 00850nam a22002417a 4500 | ||
|---|---|---|---|
| 008 | 081119t xxu||||| |||| 00| 0 eng d | ||
| 010 | _aENG-91646 | ||
| 020 |
_a9788190738545 _c750.00 |
||
| 035 | _aEN-75179 | ||
| 037 | _bDBAD / PUB | ||
| 040 |
_adpl _bEnglish |
||
| 082 | _a659.1 | ||
| 245 |
_aAdvertising and media management / _cedited by Meena Devi |
||
| 260 |
_aNew Delhi _bAlfa Publications _c2009 |
||
| 270 |
_a4398/5, Ansari Road, Daryaganj, _bNew Delhi _e110002 |
||
| 300 |
_avi, 292p. _c22cm (Hb) |
||
| 500 | _aIncludes index | ||
| 650 |
_aAdvertising _xManagement |
||
| 650 |
_aAdvertising _xIndia |
||
| 700 | _aMeena Devi | ||
| 942 |
_2ddc _cEN _mADV _h659.1 |
||
| 999 |
_c18689 _d18689 |
||